000 00794nam a22002297a 4500
008 161015b xxu||||| |||| 00| 0 eng d
020 _a9718210199
082 _22001
_aDFil 425
_bC73
100 _916286
_aAvila, Dorcas M.
245 _aCommunication arts in the information age/
_cDorcas M. Avila...[and 6 others].
260 _aValenzuela City:
_bMutya Publishing House,
_cc2001.
300 _a265 pages:
_billustrations;
_c25 cm.
500 _aIncludes bibliographical references.
650 0 _916287
_aCommunication arts.
700 _916288
_aBorsoto, Veneranda B.
700 _916289
_aChan, Edita I.
700 _916290
_aMartin, Edgardo L.
700 _916291
_aPaje, Amelia P.
700 _916292
_aPascual, Janet C.
700 _916293
_aSoriano, Fulgencio T.
942 _2ddc
_cDFIL
999 _c5260
_d5260